000 00795nam a2200205Ii 4500
003 JO-AjNU
008 230605s9999||||xx |||||||||||||| ||und||
040 _aJO-AjNU
_bara
_erda
_cJO-AjNU
041 _aara
050 1 4 _aPN6519.A7.A4432.1997
100 3 _aتأليف: العاملي، بهاء الدين محمد بن حسين ؛ ضبطه وصححه ووضع حواشية: محمد عبد الكريم النمري,
_eauthor
_959142
245 0 0 _aالمخلاة
250 _aط1
264 3 1 _aبيروت: دار الكتب العلمية، 1997
300 _a528ص
_bيحتوي على فهارس من ص 455-528
336 _atext
_btxt
_2rdacontent
337 _aunmediated
_bn
_2rdamedia
338 _avolume
_bnc
_2rdacarrier
650 4 _aالادب العربي- مجموعات
_959143
999 _aA26599
_c30167
_d30167